NATURAL resources : ecology, economics, and policy

Bibliographic Details
Other Authors: Holechek
Format: Book
Published: Upper Saddle River, N.J. : Prentice Hall , 2003
Edition:2nd ed.
Subjects:

MARC

LEADER 00000cam a2200000 7i4500
001 0000003103
005 20040526.0
020 0 0 |a 0130933880 
090 0 0 |a 333.7   |b NAT 2003 
245 0 0 |a NATURAL resources :   |b ecology, economics, and policy   |c Jerry L. Holechek ... [et al.] 
250 0 0 |a 2nd ed. 
260 0 0 |a Upper Saddle River, N.J. :   |b Prentice Hall ,   |c 2003 
300 |a xxi, 761 p. :   |b ill. (some col.), maps ;   |c 29 cm. 
500 0 0 |a Includes bibliographical references (p. 716-718) and index 
650 0 0 |a Ecology 
650 0 0 |a Natural resources 
650 0 0 |a Natural resources   |x Government policy 
700 0 1 |a Holechek   |h Jerry 
998 |a JPSM 
999 |a 0000005575   |b Monograph   |c Open Shelf   |e Default branch